[Event "AUTO-INT-702"]
[Site "http://www.queenalice.com/game.php?id=313227"]
[Date "2007.11.30"]
[Round "1"]
[White "leandrojs1982"]
[Black "karpovl"]
[Result "0-1"]
[WhiteElo "1332"]
[BlackElo "1436"]

1. e3 e5 2. Qf3 d5 3. c3 e4 4. Qe2 Nf6 5. c4 d4 6. exd4 Qxd4 7. Nc3 Bg4 8. Qe3
Nc6 9. Qg3 Bd6 10. h3 Bxg3 11. fxg3 Be6 12. b3 e3 13. Rb1 exd2+ 14. Bxd2 Qe5+
15. Nce2 Nd4 16. Rc1 Ne4 17. Bf4 Qc5 18. Nf3 Qb4+ 19. Bd2 Nxf3+ 20. gxf3 Qxd2#
0-1

[Event "AUTO-INT-702"]
[Site "http://www.queenalice.com/game.php?id=313228"]
[Date "2007.11.30"]
[Round "1"]
[White "karpovl"]
[Black "leandrojs1982"]
[Result "1-0"]
[WhiteElo "1473"]
[BlackElo "1376"]

1. e4 e6 2. e5 d6 3. Qe2 d5 4. d4 Nd7 5. Qh5 g6 6. Qd1 f6 7. Nf3 f5 8. Bg5 Ne7
9. Bb5 c6 10. Bf6 cxb5 11. Bxh8 Nc6 12. h4 Nb6 13. Nc3 Nc4 14. Nxb5 a6 15. Nd6+
Bxd6 16. Bf6 Qd7 17. exd6 Nxd6 18. Ne5 Qc7 19. h5 g5 20. Bxg5 Nb4 21. O-O Nxc2
22. Rc1 Qg7 23. Qd2 b5 24. Qxc2 Qxg5 25. Qc6+ Ke7 26. Qxa8 Bb7 27. Rc7+ Kf6 28.
Qf8+ Nf7 29. Qxf7# 1-0

[Event "AUTO-OPEN-986"]
[Site "http://www.queenalice.com/game.php?id=343135"]
[Date "2008.1.26"]
[Round "1"]
[White "holandes"]
[Black "leandrojs1982"]
[Result "1-0"]
[WhiteElo "1866"]
[BlackElo "1388"]

1. e4 e6 2. d4 Nc6 3. c3 b6 4. Nf3 Nf6 5. Bg5 Bb7 6. e5 h6 7. exf6 gxf6 8. Bh4
Qe7 9. Nbd2 Bg7 10. Bb5 Na5 11. O-O c6 12. Ba4 Qd6 13. Ne4 Qf4 14. Re1 c5 15.
Bg3 Qf5 16. Nd6+ Kd8 17. Nxf5 Bf8 18. Ne3 Bg7 19. dxc5 Bc6 20. Bxc6 Nxc6 21.
cxb6 axb6 22. Qd6 Nb8 23. Qxb6+ Ke8 24. Bxb8 Ke7 25. Bd6+ Ke8 26. Nf5 Rg8 27.
Qb7 Rd8 28. Bc7 Rf8 29. Nxg7+ Ke7 30. Qb4+ d6 31. Nf5+ Kd7 32. Bxd6 Rg8 33. Nxh6
Rh8 34. Nxf7 Rhe8 35. Nxd8 Rxd8 36. Rad1 Ke8 37. Rxe6+ Kf7 38. Re7+ Kg6 39. Qg4+
Kh6 40. Bf4# 1-0

[Event "AUTO-OPEN-986"]
[Site "http://www.queenalice.com/game.php?id=343136"]
[Date "2008.1.26"]
[Round "1"]
[White "leandrojs1982"]
[Black "holandes"]
[Result "0-1"]
[WhiteElo "1384"]
[BlackElo "1910"]

1. d3 e5 2. e3 d5 3. c3 Nf6 4. d4 e4 5. Nd2 Be7 6. c4 c6 7. cxd5 cxd5 8. Bb5+
Bd7 9. Be2 a6 10. Qb3 b5 11. Qc2 Nc6 12. f3 exf3 13. Bxf3 Rc8 14. Qb3 Na5 15.
Qd1 Nc6 16. Ne2 O-O 17. O-O Nb4 18. a3 Nd3 19. Nf4 Bf5 20. Be2 Nxc1 21. Bf3 Nd3
22. Ne2 Nxb2 23. Qb3 Nd3 24. a4 Bb4 25. axb5 Bxd2 26. g3 Bxe3+ 27. Kh1 Be4 28.
bxa6 Rb8 29. Qc3 Ng4 30. h3 Ngf2+ 31. Kg1 Nd1+ 32. Kh2 Nxc3 33. Nxc3 Rb2+ 34.
Ne2 Bxf3 35. Rxf3 Rxe2+ 36. Kh1 Nf2+ 37. Kg2 Nd3+ 38. Kf1 Rf2+ 39. Kg1 Rxf3+ 40.
Kg2 Rf2+ 41. Kg1 Ra2+ 42. Kh1 Rxa1+ 43. Kh2 Qa5 44. h4 g5 45. a7 Qd2+ 0-1

[Event "AUTO-OPEN-986"]
[Site "http://www.queenalice.com/game.php?id=343163"]
[Date "2008.1.26"]
[Round "1"]
[White "Feynman"]
[Black "leandrojs1982"]
[Result "1-0"]
[WhiteElo "1665"]
[BlackElo "1394"]

1. e4 e6 2. d4 c6 3. e5 Ne7 4. Bg5 Qa5+ 5. c3 Nf5 6. Nf3 d6 7. Bd3 h6 8. b4 Qb6
9. Be3 Nd7 10. O-O g6 11. Na3 Be7 12. exd6 Bxd6 13. Bxf5 gxf5 14. Nc4 Qd8 15.
Nxd6+ Ke7 16. Bf4 Rh7 17. Re1 Kf8 18. Ne5 b6 19. Nexf7 Qe7 20. Bxh6+ Kg8 21. Bg5
Qf8 22. Rxe6 Ba6 23. Bh6 Qb8 24. Rg6+ Rg7 25. Rxg7+ Kf8 26. Qe1 Nf6 27. Rg6# 1-0

[Event "AUTO-OPEN-986"]
[Site "http://www.queenalice.com/game.php?id=343164"]
[Date "2008.1.26"]
[Round "1"]
[White "leandrojs1982"]
[Black "Feynman"]
[Result "0-1"]
[WhiteElo "1371"]
[BlackElo "1797"]

1. e3 e5 2. d3 d5 3. b3 Bb4+ 4. c3 Bd6 5. c4 d4 6. e4 a6 7. Nf3 Nc6 8. a3 b5 9.
Bg5 f6 10. Bd2 Be6 11. cxb5 axb5 12. Nh4 b4 13. a4 Na5 14. Be2 Nxb3 15. Ra2 Qd7
16. Rb2 Qxa4 17. O-O Qa1 18. Qc2 Nh6 19. Qc6+ Bd7 20. Qd5 Nxd2 21. Rxd2 c6 22.
Qb3 Ke7 23. Bh5 Be6 24. Qc2 Kd7 25. Rdd1 b3 26. Qd2 b2 27. Qc2 Rhb8 28. Nf3 Bb3
29. Qd2 Bxd1 30. Rxd1 Bb4 31. Qc2 g6 32. Bxg6 hxg6 33. Nh4 f5 34. Nxg6 Nf7 35.
f4 exf4 36. e5 Re8 37. Rf1 Nxe5 38. Nxf4 Ng4 39. Ne2 Ne3 40. Qb3 Nxf1 41. Kxf1
Qxb1+ 42. Kf2 Be1+ 43. Kf1 Bh4+ 44. Nc1 Qxc1+ 0-1

[Event "AUTO-OPEN-986"]
[Site "http://www.queenalice.com/game.php?id=343181"]
[Date "2008.1.26"]
[Round "1"]
[White "r_maltz"]
[Black "leandrojs1982"]
[Result "1-0"]
[WhiteElo "1749"]
[BlackElo "1386"]

1. d4 e6 2. c4 d6 3. Nc3 Nf6 4. e4 b6 5. Nf3 Nc6 6. b4 Ng4 7. Be2 Nxb4 8. Qa4+
Bd7 9. Qxb4 a5 10. Qb1 d5 11. Bg5 f6 12. Bf4 dxe4 13. Qxe4 Bb4 14. Bd2 f5 15.
Qc2 c5 16. d5 O-O 17. a3 Bxc3 18. Bxc3 exd5 19. Rd1 d4 20. Bb2 Qe8 21. O-O h6
22. Nh4 Qd8 23. Ng6 Rf7 24. Bf3 Rc8 25. Rde1 Kh7 26. Bc1 Kxg6 27. Bxg4 Kh7 28.
Re5 Qg5 29. Bxg5 g6 30. Re7 Be6 31. Rxf7+ Bxf7 32. Bxf5 hxg5 33. Bxc8 a4 34. Re1
d3 35. Qxd3 g4 36. Re7 Kh6 37. Rxf7 b5 38. Rf6 b4 39. Qxg6# 1-0

[Event "AUTO-OPEN-986"]
[Site "http://www.queenalice.com/game.php?id=343182"]
[Date "2008.1.26"]
[Round "1"]
[White "leandrojs1982"]
[Black "r_maltz"]
[Result "0-1"]
[WhiteElo "1354"]
[BlackElo "1709"]

1. e3 e5 2. d3 Nf6 3. Nf3 d5 4. Nxe5 g6 5. b3 Bg7 6. c4 O-O 7. Nf3 c5 8. cxd5
Nxd5 9. Be2 Bxa1 10. Ba3 Be6 11. Bxc5 Qa5+ 12. Nbd2 Qxc5 13. d4 Qa5 14. Qxa1 Rc8
15. O-O Na6 16. Ne5 Qxd2 17. Re1 Rc7 18. Bf3 Rac8 19. g3 Bh3 20. Bxd5 Qxe1+ 21.
Qxe1 Rc1 22. Qxc1 Rxc1# 0-1

[Event "AUTO-INT-815"]
[Site "http://www.queenalice.com/game.php?id=363836"]
[Date "2008.3.1"]
[Round "1"]
[White "pedroso"]
[Black "leandrojs1982"]
[Result "1-0"]
[WhiteElo "1639"]
[BlackElo "1376"]

1. e4 e5 2. Nf3 d6 3. Bc4 Qe7 4. O-O Nf6 5. Nc3 Bg4 6. h3 Bh5 7. d3 c6 8. Bg5 h6
9. Bxf6 Qxf6 10. b4 Be7 11. Qe2 Nd7 12. a4 c5 13. b5 O-O 14. Nd5 Qe6 15. Nc7 Qg6
16. Nxa8 Rxa8 17. a5 Nf6 18. b6 a6 19. Bd5 Bd8 20. Qd2 Be7 21. Bxb7 Rb8 22. Bc6
Kh8 23. b7 Bxf3 24. g3 Bd8 25. Qe3 Bh5 26. g4 Be7 27. c4 Bxg4 28. hxg4 Qxg4+ 29.
Qg3 1-0

[Event "AUTO-INT-815"]
[Site "http://www.queenalice.com/game.php?id=363837"]
[Date "2008.3.1"]
[Round "1"]
[White "leandrojs1982"]
[Black "pedroso"]
[Result "0-1"]
[WhiteElo "1382"]
[BlackElo "1633"]

1. Nc3 e5 2. e3 Nf6 3. d3 Bb4 4. Bd2 O-O 5. Na4 Bxd2+ 6. Qxd2 Nc6 7. Nf3 d6 8.
d4 exd4 9. Bd3 dxe3 10. Qxe3 Ng4 11. Qe2 Re8 12. Be4 d5 13. O-O-O Rxe4 14. Qd2
b5 15. Nc5 Re8 16. h3 Nge5 17. c3 a5 18. Nd4 Nxd4 19. cxd4 Nc4 20. Qc2 Qg5+ 21.
Kb1 Bf5 22. Nd3 Qxg2 23. Nf4 Qf3 24. Qxf5 Qxf2 25. Qc2 Qxf4 26. Rhf1 Qd6 27. Qf2
f6 28. Rg1 Re4 0-1

[Event "AUTO-INT-815"]
[Site "http://www.queenalice.com/game.php?id=363850"]
[Date "2008.3.1"]
[Round "1"]
[White "YouLoseSorry"]
[Black "leandrojs1982"]
[Result "0-1"]
[WhiteElo "1404"]
[BlackElo "1369"]

1. e4 e6 2. f4 Bd6 3. e5 Bc5 4. d4 Bb6 5. Bb5 c6 6. Bc4 d6 7. Nf3 d5 8. Bd3 c5
9. O-O cxd4 10. Ng5 f6 11. Nf3 f5 12. Bb5+ Bd7 13. Bxd7+ Qxd7 14. Kh1 Nc6 15.
Na3 Nh6 16. h3 Ba5 17. Nxd4 Ne7 18. Nab5 O-O 19. a3 Bb6 20. c3 a6 0-1

[Event "AUTO-INT-815"]
[Site "http://www.queenalice.com/game.php?id=363851"]
[Date "2008.3.1"]
[Round "1"]
[White "leandrojs1982"]
[Black "YouLoseSorry"]
[Result "1-0"]
[WhiteElo "1386"]
[BlackElo "1387"]

1. d3 e5 2. Nc3 Nc6 3. e3 d5 4. Nge2 d4 5. Ne4 dxe3 6. fxe3 f5 7. N4c3 Bb4 8.
Bd2 Bxc3 9. Bxc3 e4 10. d4 b5 11. Nf4 b4 12. Bd2 Nf6 13. Bb5 Bb7 14. Bc4 Ng4 15.
Nh5 Rg8 16. Bxg8 Qh4+ 17. g3 Qxh5 18. d5 Ne7 19. Qe2 Nxg8 20. O-O-O Bxd5 21. h3
1-0

[Event "AUTO-INT-815"]
[Site "http://www.queenalice.com/game.php?id=363860"]
[Date "2008.3.1"]
[Round "1"]
[White "leandrojs1982"]
[Black "celsoMartins"]
[Result "1-0"]
[WhiteElo "1402"]
[BlackElo "1710"]

1. d3 d5 2. e3 e5 3. Ne2 Nf6 4. b3 Bb4+ 5. c3 Bd6 6. c4 c6 7. d4 exd4 8. exd4
O-O 9. Nbc3 dxc4 10. Be3 cxb3 11. Qxb3 Be6 12. Qxb7 Nbd7 13. Qxc6 Bb4 14. a3 Rc8
15. Qa4 Bxc3+ 16. Nxc3 Rxc3 17. Be2 Nb6 18. Bd2 Rc7 19. Bd3 Nxa4 20. O-O Qxd4
21. Rae1 Qxd3 22. Bb4 Rfc8 23. g3 Bh3 24. Be7 Qf3 25. Bd6 1-0

[Event "AUTO-INT-815"]
[Site "http://www.queenalice.com/game.php?id=363861"]
[Date "2008.3.1"]
[Round "1"]
[White "celsoMartins"]
[Black "leandrojs1982"]
[Result "0-1"]
[WhiteElo "1682"]
[BlackElo "1430"]

1. d4 d5 2. c4 dxc4 3. Nc3 Nc6 4. Nf3 Nf6 5. Bg5 Ng4 6. e4 f6 7. Bd2 e6 8. Bxc4
g6 9. O-O f5 10. Ng5 fxe4 11. Qxg4 Nxd4 12. Ncxe4 h6 13. Nxe6 Nc2 14. Qxg6+ Kd7
15. N4c5+ Kd6 16. Nxd8+ Kxc5 17. Qxc2 Bd7 18. Be3+ Kd6 19. Nf7+ Ke7 20. Nxh8 Kd8
21. Nf7+ Kc8 22. Rfd1 c6 23. Qd3 Kc7 0-1

[Event "AUTO-OPEN-1038"]
[Site "http://www.queenalice.com/game.php?id=363888"]
[Date "2008.3.1"]
[Round "1"]
[White "ribeiroBR"]
[Black "leandrojs1982"]
[Result "1-0"]
[WhiteElo "1911"]
[BlackElo "1433"]

1. e4 e6 2. Nf3 d6 3. d4 Nf6 4. Bg5 h6 5. Bh4 Be7 6. Bd3 Ng4 7. Bg3 b6 8. h3 Nf6
9. O-O Nc6 10. Nc3 e5 11. Bb5 a6 12. Bxc6+ Bd7 13. Bxa8 Qxa8 14. d5 c6 15. Re1
b5 16. a3 c5 17. b4 a5 18. bxc5 Qb8 19. cxd6 Bd8 20. Bxe5 Nh7 21. a4 f6 22. Bg3
b4 23. Ne2 Bb6 24. e5 Qc8 25. e6 Bxe6 26. dxe6 Qxe6 27. Ned4 Nf8 28. Nxe6 Nd7
29. Nxg7+ Kf8 30. Nf5 h5 31. Re7 Bd8 32. Rxd7 Bb6 33. Qd5 1-0

[Event "AUTO-OPEN-1038"]
[Site "http://www.queenalice.com/game.php?id=363889"]
[Date "2008.3.1"]
[Round "1"]
[White "leandrojs1982"]
[Black "ribeiroBR"]
[Result "0-1"]
[WhiteElo "1390"]
[BlackElo "1945"]

1. e4 e5 2. d3 Nf6 3. Nc3 Bb4 4. Bd2 Nc6 5. Qe2 Nd4 6. a3 Nxe2 7. Bxe2 Bxc3 8.
Bxc3 d6 9. Nf3 h6 10. d4 O-O 11. b3 Nxe4 12. Bb2 exd4 13. O-O Nc3 14. Bd3 Bg4
15. Nxd4 Nd5 16. Bc4 c6 17. Rae1 Nb6 18. Bd3 d5 19. f3 Be6 20. Re5 Nd7 21. Re2
Nc5 22. Bc1 Nxd3 0-1

[Event "AUTO-OPEN-1038"]
[Site "http://www.queenalice.com/game.php?id=363916"]
[Date "2008.3.1"]
[Round "1"]
[White "Soulpower74"]
[Black "leandrojs1982"]
[Result "1-0"]
[WhiteElo "1890"]
[BlackElo "1389"]

1. d4 e6 2. c4 d6 3. e4 c6 4. Nc3 Be7 5. Nf3 Nf6 6. Be2 e5 7. dxe5 Nh5 8. exd6
Bxd6 9. O-O Nf6 10. e5 Nfd7 11. Qxd6 g6 12. Bg5 Qxg5 13. Nxg5 Rf8 14. Nce4 Kd8
15. Rad1 Re8 16. Nxf7# 1-0

[Event "AUTO-OPEN-1038"]
[Site "http://www.queenalice.com/game.php?id=363917"]
[Date "2008.3.1"]
[Round "1"]
[White "leandrojs1982"]
[Black "Soulpower74"]
[Result "0-1"]
[WhiteElo "1388"]
[BlackElo "1918"]

1. d4 f5 2. e3 Nf6 3. Qf3 e6 4. Nc3 Be7 5. Bc4 O-O 6. Bd3 c6 7. Nge2 Na6 8. b3
Nc7 9. Bb2 Qe8 10. Na4 d6 11. Nf4 b5 12. Nc3 e5 13. dxe5 dxe5 14. O-O e4 15. Qd1
exd3 16. Qxd3 Qf7 17. a4 b4 18. Nce2 Ba6 19. Qd2 Rad8 20. Qc1 Nfd5 21. Nd3 Bf6
22. Rb1 Bxb2 23. Qxb2 Qf6 24. Qc1 Nc3 0-1